000 00736nam a2200229 a 4500
001 BRCA_6916
005 20190320205635.0
008 161111s1911----gw-#######---#000-0#ger-#
041 _ager
044 _agw
050 4 _aPT2621 O58
_b.S33 1911
100 1 _aKohlenegg, Viktor v.
_917234
245 1 0 _aDie Schöne Melusine
_bRoman
_cvon Viktor von Kohlenegg.
260 _aStuttgart, Alemania
_bJ. Engelhorns
_c1911
300 _a316 p.
_c19 cm.
440 0 _aEngelhorns Romanbibliothek. Eine Auswahl der besten modern Romane aller Völker, Achtundzwanzigster Jahrgang
_v5/6
_917235
500 _aEstado físico: deshojado, lomo y cubiertas rotos
500 _aO127
650 1 4 _aFicción
_916263
902 _aGFM
942 _2lcc
_cB
999 _c6598
_d6598